Central Library OPAC University of Rajshahi

The wandering lake / (Record no. 23085)

MARC details
000 -LEADER
fixed length control field 00803cam a2200265u 4500
001 - CONTROL NUMBER
control field 23085
003 - CONTROL NUMBER IDENTIFIER
rucl marc code BD-RjUL
005 - DATE AND TIME OF LATEST TRANSACTION
control field 20211209000905.0
008 - FIXED-LENGTH DATA ELEMENTS--GENERAL INFORMATION
fixed length control field 140310s1940 nyuabcf 001 0 eng
035 ## - SYSTEM CONTROL NUMBER
System control number (BD-RjUL)23150
040 ## - CATALOGING SOURCE
Original cataloging agency DLC
Transcribing agency CarP
Modifying agency DLC
-- BD-RjUL
Language of cataloging eng
041 ## - LANGUAGE CODE
Language code of text/sound track or separate title eng
082 00 - DEWEY DECIMAL CLASSIFICATION NUMBER
Classification number 915
Author mark and year HEW 1940
100 1# - MAIN ENTRY--PERSONAL NAME
Personal name Hedin, Sven,
Dates associated with a name 1865-1952.
9 (RLIN) 71199
245 14 - TITLE STATEMENT
Title The wandering lake /
Statement of responsibility, etc. Sven Hedin.
260 ## - PUBLICATION, DISTRIBUTION, ETC. (IMPRINT)
Place of publication, distribution, etc. New York :
Name of publisher, distributor, etc. E. P. Dutton & co., inc.,
Date of publication, distribution, etc. 1940.
300 ## - PHYSICAL DESCRIPTION
Pagination x,295 p. :
Illustrations Ill. ;
Size 25 cm.
504 ## - BIBLIOGRAPHY, ETC. NOTE
Bibliography, etc Includes index.
651 #0 - SUBJECT ADDED ENTRY--GEOGRAPHIC NAME
Geographic name Lop Nur (China)
9 (RLIN) 71200
Geographic name Xinjiang Uygur Zizhiqu (China)
General subdivision Description and travel.
9 (RLIN) 71201
700 1# - ADDED ENTRY--PERSONAL NAME
Personal name Lyon, F. H.
Fuller form of name (Francis Hamilton),
Dates associated with a name 1885-
Relator term tr.
942 ## - ADDED ENTRY ELEMENTS (KOHA)
Source of classification or shelving scheme Dewey Decimal Classification
Koha item type Books
Holdings
Lost status Source of classification or shelving scheme Damaged status Not for loan Collection code Permanent Location Current Location Shelving location Date acquired Source of acquisition Cost, normal purchase price Total Checkouts Full call number Date last seen Copy number Koha item type
  Dewey Decimal Classification   Added to bundle Non-fiction Central Library, University of Rajshahi Central Library, University of Rajshahi Reading Room 30/03/1963 Zeitlinger 1.18   915 HEW 1940 10/03/2014 C-1 Books